000 01133cab a2200349 4500
001 ABS56460
008 090401t1997 xxu||||| |||| 00| 0 eng d
035 _a(Sirsi) u23773
041 _aeng
100 _aGraham, T.
245 _aClearing the brownfield land
260 _c1997
350 _a0
490 _aPlanning Week
_v5(1) 9 January 1997, 18(1)
520 _aReviews the planner`s role in ensuring that brownfield sites are suitable for housing redevelopment, and through a recent example, how safegaurds may or may not be set up to protect homeowners from possible future problems.
650 _aBROWNFIELD SITES
650 _aBUILT ENVIRONMENT-BUILDING CONTRACT FORMS-CONSTRUCTION COLLATERAL WARRANTY FORMS
650 _aCONTAMINATED LAND
650 _aHOUSE BUILDING
650 _aInsurance
_96249
650 _aLEAMINGTON SPA
650 _aLIABILITY
650 _aPERFORMANCE BONDS
650 _aPLANNING CONTROL
650 _aPPG23
650 _aREDEVELOPMENT
650 _aSITE INVESTIGATION
650 _aSUITABLE FOR USE
690 _aDEVELOPMENT
942 _n0
948 _c04/03/1997
999 _c15916
_d15916